000 01358nam a2200241Ia 4500
999 _c55400
_d55400
001 22481
003 GE_BSU
005 20230322155117.0
008 181216s ||||ge |||||||||||||| ||geo||
040 _cGE_BSU
041 _ageo
080 _a39 ე-41
245 _aეთნოლოგიის ქრესტომათია /
_cშემდგ. სოსო ჭანტურიშვილი ; რედ. ვ. შამილაძე.
264 _aთბილისი :
_bთბილ. უნ-ტის გამ-ბა,
_c1997.
300 _a596 გვ. ;
_c26 სმ.
500 _aწიგნში თავმოყრილია ანტიკური ხანის, შუა საუკუნეების, ახალი და თანამედროვე დროის ეთნოლოგთა ძირითადი ნაშრომები-ნაწყვეტების ან მთლიანი თხზულებების სახით
541 _h15ლ.
653 _aეთნოლოგიის ქრესტომათია
653 _aეთოლოგია
700 _aჭანტურიშვილი, სოსო
_eშემდგენელი
_913920
700 _aშამილაძე, ვ.
_eრედაქტორი
_93471
942 _cBK
_2udc